Binary code - alphabet Quiz#1 - Statistics

General Stats
  • This quiz has been taken 153 times
  • The average score is 12 of 13
Answer Stats
No. Binary code Alphabet % Correct
1. 100 0010 B
99%
2. 100 0011 C
97%
3. 100 0101 E
96%
4. 100 0110 F
95%
6. 100 0001 A
94%
5. 100 0100 D
92%
7. 100 1101 M
88%
8. 100 1011 K
87%
9. 100 1100 L
86%
11. 100 1000 H
85%
10. 100 1001 I
85%
12. 100 1010 J
85%
13. 100 0111 G
84%
No matching quizzes found
Score Distribution
Percent of People with Each Score
Percentile by Number Answered
Your Score History
You have not taken this quiz